000 00719nam a22001577a 4500
003 OSt
005 20151024141813.0
008 151024b xxu||||| |||| 00| 0 eng d
040 _cRUA
082 _aAVM PHE 2013 B104 Or.1
100 _92790
_aPHEAV, CHEAHUOTH.
245 _astudy on diarrhea in weaning piglet and treatment at chbamorn city, kampong speu province (សិក្សាលើជំងឺរាកកូនជ្រូក និង ការព្យាបាលពេលកើតរហូតដល់ផ្តាច់ដោះ នៅក្រុងច្បាមន ខេត្តកំពង់ស្ពឺ)
260 _aPhnom Penh
_bRUA
_c2013
300 _avi, 41p.
_bill.
_c29cm.
942 _2ddc
_cAVM
999 _c2610
_d2610